000 00576nam a2200193Ia 4500
003 GCL
008 140319s9999 xx 000 0 ara d
040 _aGCL /
_cGCL
082 0 4 _a812.009
_bس م
100 1 _aسمير الحكيم
245 1 0 _aمحاورات معاصرة فى المسرح العربى /
_cسمير الحكيم
260 _a[S.N] :
_bالمطبعة الحديثة ،
_c1979
300 _a197 ص
490 _a
650 0 4 _aالفنون المسرحية
650 0 4 _aالمسرح العربى
650 0 4 _aتاريخ ونقد
942 _2ddc
_cBK
999 _c37013
_d37013